[Event "DSOL 03 Liga Final 1st"]
[Site "Playchess.com INT"]
[Date "2020.09.11"]
[Round "3.1"]
[White "Weise, Martin"]
[Black "Huber, Philipp"]
[Result "0-1"]
[WhiteElo "2042"]
[BlackElo "2166"]
[PlyCount "90"]
[EventDate "2020.06.22"]
[EventType "team-k.o. (rapid)"]
[EventCountry "GER"]
[SourceTitle "EXT 2021"]
[Source "ChessBase"]
[SourceDate "2020.10.23"]
[SourceVersion "1"]
[SourceVersionDate "2020.10.23"]
[SourceQuality "1"]
[WhiteTeam "Fulda"]
[BlackTeam "Bad Wimpfen"]
[WhiteTeamCountry "GER"]
[BlackTeamCountry "GER"]

1. Nf3 Nf6 2. e3 d6 3. d4 Nbd7 4. b3 g6 5. Bb2 Bg7 6. Be2 0-0 7. c4 e5 8. Nc3 e4 9. Nd2 Re8 10. g4 g5 11. h4 h6 12. hxg5 hxg5 13. Qc2 Qe7 14. 0-0-0 Nf8 15. Rdg1 c6 16. d5 Ng6 17. Kb1 Bd7 18. f3 cxd5 19. cxd5 Rac8 20. Ndxe4 Nxe4 21. fxe4 Be5 22. Qd2 a6 23. Bd3 Qf6 24. Ne2 Bxb2 25. Qxb2 Qxb2+ 26. Kxb2 Ne5 27. Bb1 Bxg4 28. Nd4 Kg7 29. Rg3 Rh8 30. Rhg1 Rh4 31. a4 f6 32. Ka3 Bd7 33. Nf3 Nxf3 34. Rxf3 Bg4 35. Rfg3 Bh5 36. Rf1 Rh2 37. Rgg1 Rd2 38. Rc1 Rxc1 39. Rxc1 Bg6 40. Rc7+ Kh6 41. Rd7 g4 42. Rxd6 Kg5 43. Rd8 g3 44. Rg8 g2 45. e5 f5 0-1

[Event "DSOL 03 Liga Gr-A 1st"]
[Site "Playchess.com INT"]
[Date "2020.07.24"]
[Round "5.1"]
[White "Weise, Martin"]
[Black "Scheuermann, Bernhard"]
[Result "0-1"]
[WhiteElo "2042"]
[BlackElo "2028"]
[PlyCount "48"]
[EventDate "2020.06.22"]
[EventType "team-tourn (rapid)"]
[EventCountry "GER"]
[SourceTitle "EXT 2021"]
[Source "ChessBase"]
[SourceDate "2020.10.23"]
[SourceVersion "1"]
[SourceVersionDate "2020.10.23"]
[SourceQuality "1"]
[WhiteTeam "Fulda"]
[BlackTeam "Dresden Striesen"]
[WhiteTeamCountry "GER"]
[BlackTeamCountry "GER"]

1. Nf3 c5 2. e3 Nc6 3. d4 cxd4 4. exd4 d5 5. c4 Nf6 6. Nc3 e6 7. cxd5 exd5 8. Bg5 Be7 9. Bb5 0-0 10. 0-0 Be6 11. Bxc6 bxc6 12. Ne5 Qc7 13. Rc1 Bd6 14. Nb5 Qb8 15. Nxd6 Qxd6 16. Bxf6 gxf6 17. Rxc6 Qb8 18. Ng4 Qf4 19. Ne3 Rab8 20. Qd2 Kh8 21. Rfc1 Rg8 22. b3 Rxg2+ 23. Kxg2 Bh3+ 24. Kxh3 Rg8 0-1

[Event "Heusenstamm Sparkassen op-A 2nd"]
[Site "Heusenstamm"]
[Date "2015.11.29"]
[Round "7"]
[White "Weise, Martin"]
[Black "Westphal, Norbert"]
[Result "1-0"]
[WhiteElo "2155"]
[BlackElo "1987"]
[PlyCount "91"]
[EventDate "2015.11.26"]
[EventType "swiss"]
[EventRounds "7"]
[EventCountry "GER"]
[SourceTitle "EXT 2018"]
[Source "ChessBase"]
[SourceDate "2017.10.13"]
[SourceVersion "1"]
[SourceVersionDate "2017.10.13"]
[SourceQuality "1"]

1. b3 b6 2. Bb2 c5 3. e3 Bb7 4. Nf3 e6 5. d4 Nf6 6. Bd3 cxd4 7. exd4 Bb4+ 8. c3 Be7 9. 0-0 0-0 10. c4 d5 11. Qe2 Nc6 12. a3 Na5 13. Nbd2 Rc8 14. Ne5 Re8 15. Rfd1 Nc6 16. Ndf3 Nxe5 17. dxe5 Nd7 18. Rac1 Rc7 19. Nd4 a6 20. Rc3 g6 21. b4 Bf8 22. Rdc1 dxc4 23. Bxc4 Qg5 24. f4 Qxf4 25. Nxe6 Rxe6 26. Bxe6 Rxc3 27. Rxc3 fxe6 28. Rc7 Bc5+ 29. bxc5 Nxc5 30. Qf2 Qxf2+ 31. Kxf2 Bd5 32. Bd4 Na4 33. g4 h6 34. h4 h5 35. gxh5 gxh5 36. Ke3 a5 37. Kf4 Kh8 38. Kg5 Nc5 39. Bxc5 bxc5 40. Rxc5 a4 41. Rc8+ Kg7 42. Rc7+ Kh8 43. Kxh5 Kg8 44. Kg6 Kf8 45. Kf6 Kg8 46. Re7 1-0

[Event "Rhein Main op-A 17th"]
[Site "Bad Homburg"]
[Date "2014.06.22"]
[Round "7"]
[White "Lenz, Jonas"]
[Black "Weise, Martin"]
[Result "1/2-1/2"]
[WhiteElo "1931"]
[BlackElo "2171"]
[PlyCount "43"]
[EventDate "2014.06.18"]
[EventType "swiss"]
[EventRounds "7"]
[EventCountry "GER"]
[SourceTitle "CBM 161 Extra"]
[Source "ChessBase"]
[SourceDate "2014.08.29"]
[SourceVersion "1"]
[SourceVersionDate "2014.08.29"]
[SourceQuality "1"]

1. d4 e6 2. c4 Bb4+ 3. Bd2 Bxd2+ 4. Nxd2 d6 5. g3 e5 6. Ngf3 Qe7 7. Qc2 Nf6 8. e4 0-0 9. Bg2 Nc6 10. d5 Nb4 11. Qc3 Na6 12. b4 c6 13. 0-0 c5 14. b5 Nc7 15. Ne1 Ng4 16. h3 Nh6 17. Nd3 f5 18. f4 fxe4 19. Nxe4 exf4 20. Nxf4 Nf5 21. Rae1 Qd8 22. a4 1/2-1/2

[Event "Rhein Main op-A 17th"]
[Site "Bad Homburg"]
[Date "2014.06.21"]
[Round "5"]
[White "Held, Carsten"]
[Black "Weise, Martin"]
[Result "0-1"]
[WhiteElo "2053"]
[BlackElo "2171"]
[PlyCount "64"]
[EventDate "2014.06.18"]
[EventType "swiss"]
[EventRounds "7"]
[EventCountry "GER"]
[SourceTitle "CBM 161 Extra"]
[Source "ChessBase"]
[SourceDate "2014.08.29"]
[SourceVersion "1"]
[SourceVersionDate "2014.08.29"]
[SourceQuality "1"]

1. Nf3 Nf6 2. c4 Nc6 3. g3 e5 4. d3 g6 5. Nc3 Bg7 6. Bg2 d6 7. 0-0 0-0 8. Rb1 a5 9. a3 h6 10. b4 axb4 11. axb4 Be6 12. b5 Ne7 13. Bb2 Qd7 14. Re1 Bh3 15. Bh1 Ng4 16. Qb3 Kh7 17. Ra1 Rab8 18. Ra7 Nc8 19. Ra2 f5 20. Qc2 Qf7 21. Rea1 Ne7 22. Ra7 e4 23. dxe4 Qxc4 24. R1a4 Qc5 25. e3 fxe4 26. Qxe4 d5 27. Qd3 Nc8 28. Ba3 Qxc3 29. Qxc3 Bxc3 30. Bxf8 Nxa7 31. Rxa7 Rxf8 32. Rxb7 Ra8 0-1

[Event "Rhein Main op-A 17th"]
[Site "Bad Homburg"]
[Date "2014.06.18"]
[Round "1"]
[White "Probst, Alexander"]
[Black "Weise, Martin"]
[Result "1/2-1/2"]
[WhiteElo "1925"]
[BlackElo "2171"]
[PlyCount "142"]
[EventDate "2014.06.18"]
[EventType "swiss"]
[EventRounds "7"]
[EventCountry "GER"]
[SourceTitle "CBM 161 Extra"]
[Source "ChessBase"]
[SourceDate "2014.08.29"]
[SourceVersion "1"]
[SourceVersionDate "2014.08.29"]
[SourceQuality "1"]

1. e4 e6 2. d4 d5 3. Nd2 c5 4. exd5 Qxd5 5. Ngf3 cxd4 6. Bc4 Qd6 7. 0-0 Nf6 8. Nb3 Nc6 9. Nbxd4 Nxd4 10. Qxd4 Qxd4 11. Nxd4 Bc5 12. Nb5 Ke7 13. Bf4 Bd7 14. Rad1 Rac8 15. Nd6 Rc6 16. Nxb7 Bxf2+ 17. Rxf2 Rxc4 18. Bd6+ Ke8 19. Ba3 Ne4 20. Re2 Rc7 21. Rxe4 Rxb7 22. Red4 e5 23. Rd5 f6 24. c4 Bg4 25. R1d2 Kf7 26. b3 Re8 27. h3 Be6 28. Rd8 g5 29. c5 Rxd8 30. Rxd8 Rc7 31. Rd6 f5 32. Kf2 f4 33. Kf3 Bf5 34. b4 e4+ 35. Ke2 Be6 36. Bb2 a5 37. a3 axb4 38. axb4 Ra7 39. c6 Ra2 40. Rd2 e3 41. Rc2 h5 42. c7 h4 43. b5 Bc8 44. Kd3 Bf5+ 45. Kd4 Ra8 46. Rc5 Ra4+ 47. Kc3 Bc8 48. Re5 Bb7 49. Kb3 Ra8 50. Rxg5 Re8 51. Bc3 e2 52. Rf5+ Kg6 53. Rxf4 Re3 54. Kc2 Rxc3+ 55. Kd2 Rc2+ 56. Ke1 Kg5 57. Rf2 Rxc7 58. Rxe2 Kf4 59. Kf2 Be4 60. b6 Rg7 61. Kg1 Rb7 62. Rb2 Bd5 63. Rb4+ Be4 64. Rb3 Rd7 65. Rb2 Bb7 66. Rb4+ Be4 67. Rb2 Rg7 68. Kh2 Rd7 69. Kg1 Rg7 70. Kh2 Rd7 71. Kg1 Rg7 1/2-1/2

[Event "Hessenliga 1314"]
[Site "Germany"]
[Date "2014.03.09"]
[Round "7.2"]
[White "Weise, Martin"]
[Black "Pap, Misa"]
[Result "0-1"]
[WhiteElo "2171"]
[BlackElo "2488"]
[PlyCount "56"]
[EventDate "2013.09.29"]
[EventType "team-tourn"]
[EventRounds "9"]
[EventCountry "GER"]
[SourceTitle "EXT 2015"]
[Source "ChessBase"]
[SourceDate "2014.11.20"]
[SourceVersion "1"]
[SourceVersionDate "2014.11.20"]
[SourceQuality "1"]
[WhiteTeam "Fulda"]
[BlackTeam "Korbach"]
[WhiteTeamCountry "GER"]
[BlackTeamCountry "GER"]

1. Nc3 d5 2. e4 d4 3. Nce2 e5 4. Ng3 Be6 5. Nf3 Nd7 6. c3 c5 7. Bb5 f6 8. cxd4 cxd4 9. Nxe5 fxe5 10. Qh5+ g6 11. Qxe5 Qf6 12. Bxd7+ Kxd7 13. Qb5+ Kc7 14. d3 a6 15. Qa4 Ne7 16. 0-0 Nc6 17. f4 Bd7 18. Bd2 Rc8 19. Rac1 Kb8 20. b4 Be7 21. Qb3 Na7 22. e5 Qe6 23. Qb2 Qd5 24. f5 gxf5 25. Ne2 Rxc1 26. Bxc1 Nc6 27. Nf4 Qb5 28. a3 Re8 0-1

[Event "Hessenliga 1314"]
[Site "Germany"]
[Date "2013.12.08"]
[Round "4.2"]
[White "Flach, Erich"]
[Black "Weise, Martin"]
[Result "0-1"]
[WhiteElo "2153"]
[BlackElo "2171"]
[PlyCount "118"]
[EventDate "2013.09.29"]
[EventType "team-tourn"]
[EventRounds "9"]
[EventCountry "GER"]
[SourceTitle "EXT 2015"]
[Source "ChessBase"]
[SourceDate "2014.11.20"]
[SourceVersion "1"]
[SourceVersionDate "2014.11.20"]
[SourceQuality "1"]
[WhiteTeam "Langen"]
[BlackTeam "Fulda"]
[WhiteTeamCountry "GER"]
[BlackTeamCountry "GER"]

1. d4 e6 2. c4 Bb4+ 3. Nc3 d5 4. Nf3 Nf6 5. cxd5 exd5 6. Bg5 h6 7. Bh4 g5 8. Bg3 Ne4 9. Nd2 Nxc3 10. bxc3 Bxc3 11. Rc1 Ba5 12. Qc2 Nc6 13. e3 Qe7 14. Bb5 Bd7 15. 0-0 0-0 16. Nf3 Bb6 17. Qb3 Qe6 18. Bd3 Rae8 19. Qd1 Re7 20. Bb1 f5 21. Ne5 Nxe5 22. Bxe5 Bb5 23. Bd3 Bxd3 24. Qxd3 c6 25. Qa3 Rd7 26. Rb1 Qg6 27. Qc3 Kh7 28. Rb3 Rff7 29. Rfb1 h5 30. Qd3 h4 31. h3 g4 32. hxg4 fxg4 33. Qxg6+ Kxg6 34. Ra3 Rd8 35. Ra4 Kf5 36. f3 gxf3 37. Rf1 Ke6 38. gxf3 h3 39. f4 Rg8+ 40. Kf2 Rg2+ 41. Kf3 Rh7 42. Rh1 Kf5 43. Rxh3 Rxh3+ 44. Kxg2 Rxe3 45. Bb8 a5 46. Bd6 Bd8 47. Kf2 Rc3 48. Ke2 Ke4 49. Ra3 Rxa3 50. Bxa3 Bf6 51. Bc5 a4 52. Bb6 Bxd4 53. Bxd4 Kxd4 54. Kf3 b5 55. Kg4 b4 56. f5 Ke5 57. Kg5 b3 58. axb3 axb3 59. f6 Ke6 0-1

[Event "Hessenliga 1314"]
[Site "Germany"]
[Date "2013.10.20"]
[Round "2.4"]
[White "Graf, Gerd"]
[Black "Weise, Martin"]
[Result "1-0"]
[WhiteElo "2214"]
[BlackElo "2171"]
[PlyCount "45"]
[EventDate "2013.09.29"]
[EventType "team-tourn"]
[EventRounds "9"]
[EventCountry "GER"]
[SourceTitle "EXT 2015"]
[Source "ChessBase"]
[SourceDate "2014.11.20"]
[SourceVersion "1"]
[SourceVersionDate "2014.11.20"]
[SourceQuality "1"]
[WhiteTeam "Nied"]
[BlackTeam "Fulda"]
[WhiteTeamCountry "GER"]
[BlackTeamCountry "GER"]

1. Nf3 d5 2. g3 Nf6 3. Bg2 e6 4. 0-0 Be7 5. d3 b6 6. Nbd2 Bb7 7. e4 c5 8. Re1 Nc6 9. c3 Qc7 10. a3 0-0-0 11. Qa4 Rdg8 12. exd5 Nxd5 13. Ne4 h6 14. c4 Nf6 15. b4 Nxe4 16. Rxe4 Bf6 17. Rb1 Qd7 18. bxc5 Qxd3 19. Nd2 Nd4 20. Re3 Ne2+ 21. Kh1 Nc3 22. Bxb7+ Kxb7 23. c6+ 1-0

[Event "Hessenliga 1213"]
[Site "Germany"]
[Date "2013.03.03"]
[Round "7.2"]
[White "Weise, Martin"]
[Black "Sroka, Dirk"]
[Result "1-0"]
[WhiteElo "2171"]
[BlackElo "2088"]
[PlyCount "115"]
[EventDate "2012.09.16"]
[EventType "team-tourn"]
[EventRounds "9"]
[EventCountry "GER"]
[SourceTitle "EXT 2014"]
[Source "ChessBase"]
[SourceDate "2013.11.20"]
[SourceVersion "1"]
[SourceVersionDate "2013.11.20"]
[SourceQuality "1"]
[WhiteTeam "Fulda"]
[BlackTeam "Gelnhausen"]
[WhiteTeamCountry "GER"]
[BlackTeamCountry "GER"]

1. Nf3 d5 2. e3 Nf6 3. c4 c6 4. Nc3 e6 5. b3 Bd6 6. Bb2 0-0 7. Qc2 Nbd7 8. Be2 Qe7 9. Rg1 dxc4 10. Bxc4 e5 11. g4 Nc5 12. g5 Ne8 13. h4 Be6 14. Be2 a5 15. h5 Nc7 16. Rc1 N7a6 17. Qb1 Nb4 18. a3 Nba6 19. Bxa6 Nxa6 20. Ne4 Bf5 21. Nf6+ Qxf6 22. gxf6 Bxb1 23. Rxg7+ Kh8 24. Rxb1 h6 25. Nxe5 Bxe5 26. Bxe5 Rg8 27. Ke2 Rxg7 28. fxg7+ Kh7 29. d4 Nb8 30. Bxb8 Rxb8 31. Rg1 Kg8 32. e4 Rd8 33. Ke3 Re8 34. f4 f5 35. e5 Re6 36. Rg3 Re8 37. Rg6 Rd8 38. Rxh6 Kxg7 39. Rf6 Rh8 40. Rxf5 b6 41. Ke4 b5 42. Rg5+ Kf7 43. f5 a4 44. bxa4 bxa4 45. f6 c5 46. Rg7+ Kf8 47. Rc7 Rxh5 48. Rxc5 Rh1 49. Kd5 Kf7 50. Rc7+ Kg6 51. Ke6 Rf1 52. Rg7+ Kh6 53. d5 Rb1 54. d6 Rb8 55. Ke7 Ra8 56. d7 Rh8 57. d8Q Re8+ 58. Kxe8 1-0

[Event "Hessenliga 1112"]
[Site "Germany"]
[Date "2012.01.29"]
[Round "5.2"]
[White "Weise, Martin"]
[Black "Feldtmann, Thomas"]
[Result "0-1"]
[WhiteElo "2171"]
[BlackElo "2290"]
[PlyCount "84"]
[EventDate "2011.09.25"]
[EventType "team-tourn"]
[EventRounds "9"]
[EventCountry "GER"]
[SourceTitle "EXT 2013"]
[Source "ChessBase"]
[SourceDate "2012.11.22"]
[SourceVersion "1"]
[SourceVersionDate "2012.11.22"]
[SourceQuality "1"]
[WhiteTeam "Fulda"]
[BlackTeam "Marburg"]
[WhiteTeamCountry "GER"]
[BlackTeamCountry "GER"]

1. Nf3 c5 2. e4 e6 3. d3 Nc6 4. g3 g6 5. Bg2 Bg7 6. 0-0 Nge7 7. Re1 d6 8. Na3 0-0 9. c3 e5 10. Bg5 h6 11. Bxe7 Qxe7 12. Nc4 Be6 13. Ne3 Qd7 14. Qc2 Rac8 15. Nd5 Bxd5 16. exd5 Ne7 17. Nd2 g5 18. a4 Ng6 19. Nc4 f5 20. Qe2 g4 21. a5 Rce8 22. Qc2 Bf6 23. Rab1 Rc8 24. b4 Rf7 25. bxc5 Rxc5 26. Rb4 Rc7 27. Reb1 Be7 28. Qa4 Qxa4 29. Rxa4 Bf8 30. Rab4 h5 31. h3 Kg7 32. h4 Rfd7 33. Kf1 Nh8 34. Ke2 Nf7 35. Kd2 Kg6 36. Kc2 Nd8 37. R1b3 Rc8 38. Rb1 Rdc7 39. Bf1 Rf7 40. Bg2 Kg7 41. Ra4 Rc5 42. a6 b5 0-1